000 01170cam a2200205 4500
001 ABS64494
008 011002n2001 000 0 eng u
035 _a(Sirsi) u114958
100 _aBoulton, A.
245 _aSearches in commercial conveyancing
260 _c2001
490 _aNew Law Journal
_v151(7000) 21 September 2001, 1346-1348(3)
520 _aProvides details of the numerous pre-contract searches that need to be carried out on commercial properties, and highlights some particular areas of concern. The searches discussed include: local authority, commons registration, highways, chancel repairs, railways, mines and minerals, utility, Agricultural Credits Department, registered rents, personal representatives and attorneys, watercourses, environmental, office copy entries and title deeds, site inspection, unregistered land and company. Notes that this is not an exhaustive listing, and that it may be necessary to conduct further specific pre-contract searches or enquiries.
590 _aABS
650 _aCONVEYANCING
650 _aPRE-CONTRACT ENQUIRIES
650 _aSEARCHES
690 _aPROPERTY-COMMERCIAL PROPERTY
942 _n0
999 _c68446
_d68446